000 00604cam a22002053a 4500
001 36374
003 PGUSA
005 20140828083804.0
008 110611s2011||||xxu|||||s|||||000 | eng d
040 _aPGUSA
_beng
042 _adc
100 1 _aStephens, Ann S.
_q(Ann Sophia),
_d1810-1886
245 1 0 _aWives and Widows; or The Broken Life
_h[electronic resource] /
_cAnn S. Stephens
260 _bProject Gutenberg,
_c2011
506 _aPublic domain in the USA.
516 _aElectronic text
830 0 _aProject Gutenberg
_v36374
856 4 0 _uhttp://www.gutenberg.org/ebooks/36374
942 _cEB
999 _c265629
_d265629